000 00540nam a2200181Ia 4500
003 GCL
008 140319s9999 xx 000 0 ara d
040 _aGCL /
_cGCL
082 0 4 _a791.437
_bر س
100 1 _aرؤوف توفيق
245 1 0 _aسينما الزمن الصعب /
_cرؤوف توفيق
300 _a289 ص
490 _aمكتبة روزاليوسف
_v0
650 0 4 _aالافلام السينمائية
650 0 4 _aالسينما
650 0 4 _aالسينما - الجوانب الاجتماعية
942 _2ddc
_cBK
999 _c49972
_d49972